[Event "Chigorin Memorial 2019"]
[Site "St Petersburg RUS"]
[Date "2019.10.10"]
[Round "6.97"]
[White "Kudin, Alexander"]
[Black "Ovezdurdiyeva, Jemal"]
[Result "0-1"]
[BlackTitle "WFM"]
[WhiteElo "1824"]
[BlackElo "2117"]
[WhiteFideId "24248550"]
[BlackFideId "14001888"]
[EventDate "2019.10.05"]

1. Nf3 c5 2. c4 g6 3. g3 Bg7 4. Bg2 Nc6 5. Nc3 e6 6. e3 Nge7 7. O-O O-O 8. d4
cxd4 9. Nxd4 Nxd4 10. exd4 Qb6 11. d5 d6 12. Re1 Nf5 13. Be4 e5 14. Qd3 Nd4 15.
Be3 f5 16. Bg2 f4 17. Bxd4 exd4 18. Ne4 fxg3 19. hxg3 Bf5 20. Rab1 a5 21. a3 Qa6
22. b3 Rac8 23. g4 Bxg4 24. Bh3 Bf5 25. Bxf5 Rxf5 26. Ng3 Rf7 27. Re6 Rcf8 28.
Ne4 Be5 29. Ng5 Rf5 30. Ne4 Rf3 31. Qd1 b6 32. Ng5 Rxf2 33. Qg4 Qb7 34. Re1 R2f4
35. Qh3 R4f5 36. Qg4 Qg7 37. Qh4 d3 38. R6xe5 Rxe5 39. Rd1 Rff5 40. Ne6 0-1

[Event "Chigorin Memorial 2019"]
[Site "St Petersburg RUS"]
[Date "2019.10.10"]
[Round "6.98"]
[White "Shakirov, Marat"]
[Black "Petrov, Igor"]
[Result "1-0"]
[WhiteElo "2114"]
[BlackElo "1584"]
[WhiteFideId "44118171"]
[BlackFideId "54110831"]
[EventDate "2019.10.05"]

1. d4 d5 2. c4 c6 3. Nc3 e5 4. cxd5 cxd5 5. e3 e4 6. Qb3 Nf6 7. Nge2 Bd6 8. Bd2
Bc7 9. Nb5 Nc6 10. Nxc7+ Qxc7 11. Nc3 Qd8 12. Be2 O-O 13. O-O Re8 14. f3 exf3
15. Bxf3 Na5 16. Qc2 g6 17. b3 Bf5 18. Qb2 Rc8 19. Rac1 a6 20. Be1 Bd3 21. Bh4
Rxc3 22. Qxc3 Bxf1 23. Rxf1 Re6 24. Bg4 Rc6 25. Bxf6 Qxf6 26. Qxa5 Qg5 27. h3
Qxe3+ 28. Kh1 Qxd4 29. Qd8+ Kg7 30. Qe7 Rf6 31. Rxf6 Qxf6 32. Qxf6+ Kxf6 33. Bc8 1-0

[Event "Chigorin Memorial 2019"]
[Site "St Petersburg RUS"]
[Date "2019.10.10"]
[Round "6.99"]
[White "Lezina, Anna"]
[Black "Zaichikov, Andrey"]
[Result "0-1"]
[WhiteElo "1542"]
[BlackElo "2113"]
[WhiteFideId "54147220"]
[BlackFideId "24176591"]
[EventDate "2019.10.05"]

1. e4 e5 2. Nf3 Nc6 3. d4 exd4 4. Nxd4 Bc5 5. Nxc6 Qf6 6. Qf3 Qxf3 7. gxf3 bxc6
8. Rg1 Ne7 9. Be3 Bxe3 10. fxe3 Rb8 11. b3 O-O 12. Nd2 d5 13. O-O-O f5 14. exf5
Nxf5 15. e4 Nd4 16. Rg3 Ne6 17. Nb1 Bb7 18. Nc3 Nf4 19. Bd3 Rbd8 20. Kb2 g6 21.
Rgg1 Rf7 22. Rgf1 Rdf8 23. a4 Nxd3+ 24. cxd3 a6 25. Rd2 Rxf3 26. Re1 Rd8 27. e5
c5 28. a5 Bc6 29. e6 Rb8 30. Kc2 d4 31. Ne4 Rf5 32. Rde2 Bxe4 33. Rxe4 Rf2+ 34.
Kc1 Kf8 35. e7+ Ke8 36. Re6 Rxb3 37. Rxa6 Rb8 38. Re5 Rf1+ 39. Kc2 Rfb1 40. Rb6
R1xb6 41. axb6 cxb6 0-1

[Event "Chigorin Memorial 2019"]
[Site "St Petersburg RUS"]
[Date "2019.10.10"]
[Round "6.101"]
[White "Skuratovich, Yakov"]
[Black "Romanov, Nikita M."]
[Result "1-0"]
[WhiteElo "2097"]
[BlackElo "1587"]
[WhiteFideId "24116785"]
[BlackFideId "34273875"]
[EventDate "2019.10.05"]

1. d4 Nf6 2. g4 Nxg4 3. e4 d6 4. Bc4 Nf6 5. Nc3 g6 6. Qf3 Nc6 7. Be3 Bg7 8. Nge2
O-O 9. O-O-O Nd7 10. h4 Nde5 11. dxe5 Nxe5 12. Bxf7+ Rxf7 13. Qg3 Rf3 14. Qg2
Bg4 15. h5 Bxh5 16. Nd4 Bg4 17. Nxf3 Bxf3 18. Qh3 Bxh1 19. Rxh1 h5 20. Qe6+ Kh7
21. f4 Qd7 22. Qb3 Ng4 23. Bd2 c6 24. f5 Rf8 25. Nd1 d5 26. Qh3 Qe8 27. Qxg4 1-0

[Event "Chigorin Memorial 2019"]
[Site "St Petersburg RUS"]
[Date "2019.10.10"]
[Round "6.102"]
[White "Miroshnik, Ekaterina"]
[Black "Vershinina, Anastasiia"]
[Result "1-0"]
[WhiteTitle "WFM"]
[WhiteElo "2089"]
[BlackElo "1466"]
[WhiteFideId "34127698"]
[BlackFideId "54106559"]
[EventDate "2019.10.05"]

1. d4 d5 2. Nf3 e6 3. c4 Nf6 4. e3 c5 5. cxd5 Nxd5 6. Be2 Nc6 7. O-O cxd4 8.
exd4 Bd6 9. Nc3 Bc7 10. Bg5 Qd7 11. Rc1 O-O 12. Nxd5 exd5 13. Bb5 Qd6 14. Bh4 f5
15. Re1 Qg6 16. Qb3 Ba5 17. Qxd5+ Kh8 18. Re2 Nb4 19. Qb3 f4 20. Be7 Bd8 21. Ne5
Qh5 22. Bxf8 1-0

[Event "Chigorin Memorial 2019"]
[Site "St Petersburg RUS"]
[Date "2019.10.10"]
[Round "6.104"]
[White "Vorobyova, Ekaterina"]
[Black "Yandarbiev, Ruslan"]
[Result "0-1"]
[BlackTitle "IM"]
[WhiteElo "1748"]
[BlackElo "2278"]
[WhiteFideId "34166006"]
[BlackFideId "4115023"]
[EventDate "2019.10.05"]

1. d4 Nf6 2. Bf4 g6 3. Nc3 d5 4. e3 c6 5. Bd3 Qb6 6. Rb1 Bg7 7. h4 h5 8. Nge2
O-O 9. O-O Nbd7 10. Na4 Qa5 11. b4 Qd8 12. Nb2 Re8 13. c4 e5 14. Bg5 Qc7 15. Rc1
Qb6 16. Qb3 exd4 17. exd4 Nf8 18. Na4 Qd8 19. cxd5 cxd5 20. Nac3 Ne6 21. Rfd1
Nxg5 22. hxg5 Ng4 23. Qxd5 Qe7 24. Nb5 Be6 25. Qf3 Rad8 26. Rc7 Qxg5 27. Nf4
Bxa2 28. Ra1 Bxd4 29. Rxa2 Re1+ 30. Bf1 Rxf1+ 0-1

[Event "Chigorin Memorial 2019"]
[Site "St Petersburg RUS"]
[Date "2019.10.10"]
[Round "6.105"]
[White "Serov, Aleksandr"]
[Black "Petrushev, Nikita"]
[Result "0-1"]
[WhiteElo "1826"]
[BlackElo "2233"]
[WhiteFideId "34177261"]
[BlackFideId "34117803"]
[EventDate "2019.10.05"]

1. Nf3 Nf6 2. d4 d5 3. g3 g6 4. Bg2 Bg7 5. O-O O-O 6. c4 dxc4 7. Qc2 b5 8. Nc3
c6 9. Ne5 Qxd4 10. Nxc6 Nxc6 11. Bxc6 Bf5 12. e4 Rac8 13. Be3 Qd3 14. Qxd3 cxd3
15. Bxb5 Nxe4 16. Nd5 Rb8 17. Nxe7+ Kh8 18. Nxf5 Rxb5 19. Nxg7 Kxg7 20. f3 Nd6
21. Bd4+ f6 22. Rfd1 Nf5 23. Rxd3 Nxd4 24. Rxd4 Rxb2 25. Ra4 Rf7 26. Rd1 Rc7 27.
h4 Rcc2 28. Rxa7+ Kh6 29. a4 Rg2+ 30. Kh1 Rxg3 31. Rdd7 Rh3+ 32. Kg1 Rxh4 33.
Rxh7+ Kg5 34. Rxh4 Kxh4 35. Ra6 Kg3 36. Kf1 Rf2+ 37. Ke1 Rxf3 38. a5 g5 39. Rd6
f5 40. a6 Ra3 41. Kd2 Ra2+ 42. Ke1 f4 43. Kd1 f3 0-1

[Event "Chigorin Memorial 2019"]
[Site "St Petersburg RUS"]
[Date "2019.10.10"]
[Round "6.106"]
[White "Zelenskaya, Anastasiya"]
[Black "Yurasova, Daria"]
[Result "0-1"]
[WhiteElo "1826"]
[BlackElo "2168"]
[WhiteFideId "54112540"]
[BlackFideId "34146919"]
[EventDate "2019.10.05"]

1. e4 e5 2. Nf3 Nc6 3. Bb5 a6 4. Ba4 Nf6 5. O-O b5 6. Bb3 Bb7 7. d3 Be7 8. a4
O-O 9. Re1 d6 10. Nc3 Na5 11. Ba2 b4 12. Ne2 Bc8 13. Ng3 Bd7 14. Bd2 Rb8 15. Nf5
Bxf5 16. exf5 Qd7 17. Nh4 Nc6 18. g4 Nd4 19. g5 Ne8 20. Re4 Nxf5 21. Qg4 g6 22.
f4 Neg7 23. Rf1 Qxa4 24. Bb3 Qc6 25. fxe5 dxe5 26. Nxf5 gxf5 27. Rxf5 Nxf5 28.
Qxf5 Qg6 29. Rxe5 Bd6 30. Qxg6+ hxg6 31. Ra5 Rbe8 32. Kf2 Re5 33. Rxe5 Bxe5 34.
Bxb4 Rb8 35. Bc5 Bxh2 36. Kf3 Rb5 37. Be7 Bd6 38. Bf6 Kf8 39. Bc4 Rf5+ 40. Kg4
a5 41. d4 Rf4+ 42. Kh3 Rf2 43. Bb3 Be7 44. Be5 Bd8 45. Ba4 Rf5 46. c4 Rxg5 0-1

[Event "Chigorin Memorial 2019"]
[Site "St Petersburg RUS"]
[Date "2019.10.10"]
[Round "6.107"]
[White "Ismagilov, Damir"]
[Black "Schetchikov, Vladimir"]
[Result "1-0"]
[BlackTitle "FM"]
[WhiteElo "2156"]
[BlackElo "1834"]
[WhiteFideId "34199982"]
[BlackFideId "4131193"]
[EventDate "2019.10.05"]

1. d4 Nf6 2. c4 e6 3. Nc3 Bb4 4. e3 b6 5. Ne2 Bb7 6. a3 Be7 7. Ng3 d6 8. e4 Nbd7
9. Be2 O-O 10. O-O c5 11. d5 exd5 12. exd5 Re8 13. Nf5 Nf8 14. Bf4 Ng6 15. Bg3
Bf8 16. b4 Bc8 17. Ne3 Ne4 18. Nxe4 Rxe4 19. bxc5 bxc5 20. Rb1 Re7 21. Qc2 Rb7
22. Rxb7 Bxb7 23. Rb1 Bc8 24. Bd3 Qc7 25. h4 Be7 26. h5 Nf8 27. Bf5 g6 28. Bxc8
Qxc8 29. Qb2 gxh5 30. Qb7 Qd8 31. Nf5 Ng6 32. Nxe7+ Nxe7 33. Bh4 1-0

[Event "Chigorin Memorial 2019"]
[Site "St Petersburg RUS"]
[Date "2019.10.10"]
[Round "6.108"]
[White "Kuzmichev, Danil"]
[Black "Usmanov, Ilnur"]
[Result "1/2-1/2"]
[WhiteElo "1808"]
[BlackElo "2144"]
[WhiteFideId "54174511"]
[BlackFideId "4111303"]
[EventDate "2019.10.05"]

1. e4 c6 2. Nc3 d5 3. Nf3 Bg4 4. h3 Bxf3 5. Qxf3 e6 6. d3 Nf6 7. Bd2 Bb4 8. e5
Nfd7 9. Qg4 Bf8 10. f4 h5 11. Qf3 g6 12. O-O-O h4 13. g4 hxg3 14. Qxg3 Be7 15.
Qg4 c5 16. Be1 Nc6 17. h4 Rh5 18. Be2 Nd4 19. Qg3 Nxe2+ 20. Nxe2 Qc7 21. Qg4
O-O-O 22. Ng3 Rh7 23. Bd2 Rdh8 24. h5 g5 25. Rde1 Rg8 26. Kb1 Rhh8 27. Qf3 Rh7
28. Qg4 Rgg7 29. Qf3 gxf4 30. Bxf4 Bg5 31. c4 Qc6 32. Qe3 Be7 33. Qf2 Rg4 34.
Qf3 Rg8 35. Qe3 b6 36. Qf3 Kb7 37. Ref1 dxc4 38. Qxc6+ Kxc6 39. dxc4 Bg5 40. Ne4
Bxf4 41. Rxf4 Rgh8 42. Ng5 Rxh5 43. Rxh5 Rxh5 44. Nxf7 Nxe5 45. Nxe5+ Rxe5 46.
Rf7 a6 47. Ra7 Re4 48. Re7 Re2 49. Ra7 Re4 50. Re7 b5 51. cxb5+ axb5 52. Kc2
Re2+ 53. Kc3 e5 54. Re8 Re3+ 55. Kd2 Re4 56. a3 Kd5 57. b3 c4 58. Rd8+ Kc6 59.
bxc4 Rxc4 60. Rc8+ Kd5 61. Rb8 Kc5 62. Rc8+ Kb6 63. Rb8+ Ka6 64. Ra8+ Kb7 65.
Re8 e4 66. Re6 Ra4 67. Ke3 Rxa3+ 68. Kxe4 Rc3 69. Kd4 Rc7 70. Kd3 Ka7 71. Kd2
Rc5 72. Kd3 Rc4 73. Rg6 Kb7 74. Rh6 Rc7 75. Kd2 Rc6 76. Rxc6 Kxc6 77. Kc3 Kc5
78. Kb3 1/2-1/2

[Event "Chigorin Memorial 2019"]
[Site "St Petersburg RUS"]
[Date "2019.10.10"]
[Round "6.109"]
[White "Kumargaliev, Marsel"]
[Black "Golovchenko, Bogdan"]
[Result "1-0"]
[WhiteElo "2144"]
[BlackElo "1824"]
[WhiteFideId "34111023"]
[BlackFideId "54198607"]
[EventDate "2019.10.05"]

1. e4 c5 2. Nc3 Nc6 3. g3 d6 4. Bg2 Nf6 5. Nge2 g6 6. d4 cxd4 7. Nxd4 Bg7 8.
Nxc6 bxc6 9. e5 dxe5 10. Qxd8+ Kxd8 11. Bxc6 Rb8 12. Be3 Bb7 13. O-O-O+ Kc8 14.
Bxb7+ Rxb7 15. h3 e6 16. a4 Ne8 17. Nb5 a6 18. Nd6+ Nxd6 19. Rxd6 e4 20. c3 a5
21. Rhd1 Be5 22. Ra6 Bc7 23. Rd4 Rb8 24. Rxe4 Re8 25. Rc4 Re7 26. Rxa5 1-0

[Event "Chigorin Memorial 2019"]
[Site "St Petersburg RUS"]
[Date "2019.10.10"]
[Round "6.110"]
[White "Efimov, Ignat"]
[Black "Shilo, Kirill"]
[Result "1-0"]
[WhiteElo "2138"]
[BlackElo "1824"]
[WhiteFideId "24280810"]
[BlackFideId "34157082"]
[EventDate "2019.10.05"]

1. Nf3 Nf6 2. c4 g6 3. d4 Bg7 4. g3 d5 5. Bg2 O-O 6. O-O Nc6 7. cxd5 Nxd5 8. e4
Nb6 9. d5 Na5 10. Nc3 c6 11. Nd4 cxd5 12. exd5 Nac4 13. b3 Nd6 14. Re1 Nf5 15.
Nde2 a5 16. a4 e6 17. Ba3 Re8 18. d6 Be5 19. Ra2 Rb8 20. Nb5 Bd7 21. Nec3 Bg7
22. Rd2 e5 23. Nc7 Rf8 24. N3b5 Bxb5 25. Nxb5 Qd7 26. Bb2 f6 27. Bc3 Ra8 28. Qf3
Rfb8 29. h4 Qf7 30. Bh3 Qxb3 31. Bxf5 gxf5 32. Qxf5 Nxa4 33. Rb1 Qc4 34. Ba1 Qf7
35. Rc1 Qg6 36. Qe6+ Qf7 37. Qg4 Nb6 38. h5 Qd7 39. Qe2 Rc8 40. Rc7 Rxc7 41.
dxc7 Qe7 42. Qe3 Nc8 43. Rd8+ Bf8 44. Bb2 Qc5 45. Qxc5 1-0

[Event "Chigorin Memorial 2019"]
[Site "St Petersburg RUS"]
[Date "2019.10.10"]
[Round "6.111"]
[White "Bulsoev, Alexander"]
[Black "Frolov, Aleksey G."]
[Result "1-0"]
[WhiteElo "1802"]
[BlackElo "2093"]
[WhiteFideId "44122276"]
[BlackFideId "34106500"]
[EventDate "2019.10.05"]

1. e4 e5 2. Nf3 Nc6 3. Bb5 a6 4. Ba4 Nf6 5. O-O Be7 6. Re1 b5 7. Bb3 d6 8. c3
O-O 9. h3 Na5 10. Bc2 c5 11. d4 Nd7 12. Nbd2 exd4 13. cxd4 Re8 14. Nf1 Bf6 15.
Ne3 Nc6 16. dxc5 dxc5 17. Nd5 Nd4 18. Nxf6+ Qxf6 19. Nxd4 cxd4 20. f4 Bb7 21. e5
Qb6 22. Qd3 g6 23. b4 Qc6 24. Re2 Rad8 25. Bb2 Nb6 26. Bxd4 Nd5 27. Qd2 Rd7 28.
Bc5 a5 29. Be4 axb4 30. Bf2 Qc4 31. Bxd5 Rxd5 32. Qe3 Rd3 33. Qc5 Red8 34. Rae1
Rd1 35. Qe3 R8d3 36. Qa7 Qd5 37. Bh4 Rxe1+ 38. Bxe1 Rd4 39. Qb8+ Kg7 40. Bh4 Qc5
41. Bf6+ Kh6 42. Bg5+ Kg7 43. Bf6+ Kh6 44. Kh2 Qc8 45. Qxc8 Bxc8 46. e6 Rxf4 47.
e7 Bd7 48. Bb2 Rc4 49. Rd2 Be8 50. Rd8 Bc6 51. e8=Q Bxe8 52. Rxe8 Rc2 53. Bf6
Rf2 54. Be7 Rxa2 55. Bf8+ Kg5 56. Re5+ f5 57. Rxb5 Re2 58. Rxb4 f4 59. Kg1 Kf5
60. Bh6 g5 61. Rb5+ Kg6 62. Bxg5 f3 63. gxf3 1-0

[Event "Chigorin Memorial 2019"]
[Site "St Petersburg RUS"]
[Date "2019.10.10"]
[Round "6.112"]
[White "Kolchin, Maxim"]
[Black "Shemyakinskiy, Nikita"]
[Result "0-1"]
[WhiteElo "2077"]
[BlackElo "1816"]
[WhiteFideId "34147222"]
[BlackFideId "44170025"]
[EventDate "2019.10.05"]

1. d4 Nf6 2. Nf3 e6 3. Bf4 d5 4. e3 Bd6 5. Bg3 O-O 6. Bd3 c5 7. c3 Qc7 8. Ne5
Nc6 9. f4 Ne4 10. Nd2 f5 11. Bh4 Qb6 12. Rb1 Nxd2 13. Kxd2 Qc7 14. g4 Nxe5 15.
fxe5 Be7 16. Bg3 cxd4 17. cxd4 Qa5+ 18. Ke2 fxg4 19. h3 Bd7 20. hxg4 g6 21. Be1
Qb6 22. a4 a5 23. Bd2 Rf7 24. Qg1 Raf8 25. Be1 Bxa4 26. Rh2 Bb5 27. Bc3 Bxd3+
28. Kxd3 Qa6+ 29. Kd2 b5 30. b3 b4 31. Bb2 Bh4 32. Re2 Bg5 33. Rc1 Rc8 34. Rxc8+
Qxc8 35. Qa1 Rc7 36. Kd1 Qa6 37. Qb1 a4 38. bxa4 Qxa4+ 39. Ke1 b3 40. Qd3 Be7
41. Kf2 Qc4 42. Qb1 Bb4 43. Qa1 Rf7+ 44. Kg3 Qxe2 0-1

[Event "Chigorin Memorial 2019"]
[Site "St Petersburg RUS"]
[Date "2019.10.10"]
[Round "6.113"]
[White "Khadzhiev, Valery"]
[Black "Mekanova, Annagozel"]
[Result "0-1"]
[BlackTitle "WFM"]
[WhiteElo "2056"]
[BlackElo "1809"]
[WhiteFideId "34154601"]
[BlackFideId "14003902"]
[EventDate "2019.10.05"]

1. d4 d5 2. Nf3 Nf6 3. e3 e6 4. Bd3 Bd6 5. Nbd2 O-O 6. O-O Nbd7 7. c4 b6 8. cxd5
exd5 9. Qe2 Bb7 10. Ba6 Bxa6 11. Qxa6 Re8 12. b3 Ne4 13. Ba3 Bxa3 14. Qxa3 Re6
15. b4 Rh6 16. Qd3 Qe7 17. Rfc1 c6 18. a3 g5 19. Nf1 Re8 20. N3d2 g4 21. Nxe4
dxe4 22. Qa6 Nf8 23. b5 cxb5 24. Qxb5 Rd8 25. Qf5 Rdd6 26. Rc8 Kg7 27. Rac1 Rdf6
28. Qd5 Ng6 29. Qa8 Rh5 30. Ng3 Ra5 31. Nxe4 Re6 32. Ng3 Qxa3 33. d5 Re5 34. e4
Ne7 35. R8c3 Qb2 36. d6 Ra2 37. R3c2 Rc5 38. Rxb2 Rxc1+ 39. Nf1 Raa1 40. h4 g3 0-1

[Event "Chigorin Memorial 2019"]
[Site "St Petersburg RUS"]
[Date "2019.10.10"]
[Round "6.114"]
[White "Antonian, Grant"]
[Black "Tsoi, Matvey"]
[Result "1-0"]
[WhiteElo "2039"]
[BlackElo "1774"]
[WhiteFideId "24197807"]
[BlackFideId "54108802"]
[EventDate "2019.10.05"]

1. e4 c6 2. d4 d5 3. Nc3 dxe4 4. Nxe4 Bf5 5. Ng3 Bg6 6. h4 h6 7. Nf3 Nd7 8. h5
Bh7 9. Bd3 Bxd3 10. Qxd3 Ngf6 11. Bd2 e6 12. O-O-O Be7 13. Ne4 Nxe4 14. Qxe4 Nf6
15. Qd3 Qd5 16. c4 Qe4 17. Qb3 O-O 18. Qxb7 Bd6 19. Qb3 Rab8 20. Qc2 Qg4 21. Ne5
Bxe5 22. dxe5 Nxh5 23. f3 Qg6 24. g4 Qxc2+ 25. Kxc2 Ng3 26. Rh2 h5 27. Rg1 h4
28. Bg5 f5 29. exf6 1-0

[Event "Chigorin Memorial 2019"]
[Site "St Petersburg RUS"]
[Date "2019.10.10"]
[Round "6.115"]
[White "Kiseleva, Arina"]
[Black "Golovanskikh, Dmitriy"]
[Result "1-0"]
[WhiteTitle "WCM"]
[WhiteElo "2034"]
[BlackElo "1764"]
[WhiteFideId "4164989"]
[BlackFideId "54123178"]
[EventDate "2019.10.05"]

1. d4 d5 2. c4 c6 3. Nf3 Nf6 4. Nbd2 Bf5 5. Nh4 Bg6 6. Qb3 Qb6 7. Qh3 Nbd7 8.
Nxg6 fxg6 9. e3 O-O-O 10. c5 Qc7 11. Qe6 Ne4 12. Nxe4 dxe4 13. b4 Kb8 14. Bd2
Nf6 15. b5 cxb5 16. Bxb5 Qc8 17. Qe5+ Ka8 18. Bc4 Qc6 19. O-O h5 20. Qe6 Qc7 21.
h3 g5 22. Rab1 Rh6 23. Qf5 g4 24. h4 g3 25. f3 g6 26. Qe6 exf3 27. Rxf3 Ng4 28.
Qf7 Nf6 29. Rxf6 1-0

[Event "Chigorin Memorial 2019"]
[Site "St Petersburg RUS"]
[Date "2019.10.10"]
[Round "6.116"]
[White "Ponomarev, Denis"]
[Black "Paltusov, Sergei"]
[Result "1/2-1/2"]
[WhiteElo "2031"]
[BlackElo "1798"]
[WhiteFideId "44136650"]
[BlackFideId "24128147"]
[EventDate "2019.10.05"]

1. e4 c6 2. d4 d5 3. e5 Bf5 4. Nf3 e6 5. Be2 Nd7 6. O-O Ne7 7. c4 dxc4 8. Bxc4
Nd5 9. Nc3 N7b6 10. Bd3 Bxd3 11. Qxd3 Be7 12. Ne4 h6 13. a3 O-O 14. Bd2 Qc7 15.
Rac1 Rad8 16. Ng3 Qd7 17. Qe4 f5 18. exf6 Nxf6 19. Qe2 Bd6 20. Rfe1 Rfe8 21. Ba5
Re7 22. Ne4 Nxe4 23. Qxe4 Rde8 24. Bxb6 axb6 25. Ne5 Bxe5 26. dxe5 Rd8 27. h3
Qd4 28. Rcd1 Qxd1 29. Rxd1 Rxd1+ 30. Kh2 Rd5 31. f4 Kf7 32. Qe3 b5 33. h4 Red7
34. h5 Re7 35. Kh3 c5 36. Kh4 c4 37. g4 Rd3 38. Qe4 Rd2 39. Qg6+ Kf8 40. g5
hxg5+ 41. fxg5 Red7 42. Qxe6 R7d4+ 1/2-1/2

[Event "Chigorin Memorial 2019"]
[Site "St Petersburg RUS"]
[Date "2019.10.10"]
[Round "6.117"]
[White "Akhmedov, David"]
[Black "Hefner, Felix"]
[Result "1-0"]
[WhiteElo "1785"]
[BlackElo "2036"]
[WhiteFideId "34220194"]
[BlackFideId "12910651"]
[EventDate "2019.10.05"]

1. e4 c5 2. Nf3 d6 3. g3 Nf6 4. d3 b6 5. Bg2 Bb7 6. O-O g6 7. c3 Bg7 8. Re1 O-O
9. a3 a5 10. a4 Na6 11. Na3 Nc7 12. Nc4 Ra6 13. Qb3 Bc6 14. Bf4 Ne6 15. Bd2 Ra8
16. Qxb6 Qxb6 17. Nxb6 Rab8 18. Nc4 d5 19. Nxa5 Ba8 20. exd5 Bxd5 21. Reb1 Rbd8
22. Ne1 Ra8 23. Nc4 Nc7 24. Be3 Ne6 25. a5 Bxg2 26. Kxg2 Nd5 27. a6 Ndc7 28. a7
Nb5 29. Ra5 Nec7 30. Rba1 Nxc3 31. bxc3 Bxc3 32. Nb6 Bxa5 33. Rxa5 1-0

[Event "Chigorin Memorial 2019"]
[Site "St Petersburg RUS"]
[Date "2019.10.10"]
[Round "6.118"]
[White "Gordon, Evgeny"]
[Black "Svergina, Sofya"]
[Result "1/2-1/2"]
[BlackTitle "WCM"]
[WhiteElo "2030"]
[BlackElo "1738"]
[WhiteFideId "2807289"]
[BlackFideId "24276120"]
[EventDate "2019.10.05"]

1. d4 Nf6 2. c4 e6 3. Nf3 d5 4. Nc3 c5 5. cxd5 Nxd5 6. e4 Nxc3 7. bxc3 cxd4 8.
cxd4 Bb4+ 9. Bd2 Bxd2+ 10. Qxd2 O-O 11. Rb1 b6 12. Bc4 Bb7 13. Qe3 Nd7 14. O-O
Rc8 15. Rbc1 Qe7 16. e5 Rfd8 17. Bd3 Bxf3 18. gxf3 Nf8 19. Rxc8 Rxc8 20. Rd1 Qb4
21. Kg2 Qa4 22. Qd2 Kh8 23. Be4 Rd8 24. Kg3 h6 25. f4 Nd7 26. Qc2 Qxc2 27. Bxc2
Nb8 28. Be4 g6 29. h4 h5 30. Kf3 Na6 31. Ke3 Nb4 32. Rc1 Kg7 33. Rc7 Nxa2 34.
Rxa7 Nc3 35. Bf3 Nd5+ 36. Bxd5 Rxd5 37. Rb7 Rb5 38. d5 Rxd5 39. Rxb6 1/2-1/2

[Event "Chigorin Memorial 2019"]
[Site "St Petersburg RUS"]
[Date "2019.10.10"]
[Round "6.119"]
[White "Nuritdinov, Nizomitdin"]
[Black "Sokolov, Nikita Dm."]
[Result "0-1"]
[WhiteElo "1771"]
[BlackElo "2022"]
[WhiteFideId "34177245"]
[BlackFideId "34106526"]
[EventDate "2019.10.05"]

1. d4 Nf6 2. g3 g6 3. Bg2 Bg7 4. e4 d6 5. Ne2 O-O 6. O-O e5 7. c3 c6 8. f4 Qe7
9. fxe5 dxe5 10. Bg5 h6 11. Bxf6 Bxf6 12. Nd2 Bg4 13. d5 Bg5 14. Nf3 Rd8 15. h3
Bxf3 16. Bxf3 Nd7 17. Kh2 Nb6 18. Qd3 cxd5 19. exd5 Rac8 20. b3 f5 21. Bg2 e4
22. Qb5 Rxd5 23. Qb4 Qxb4 24. cxb4 Rd2 25. Nf4 Bxf4 26. gxf4 Rcc2 27. Rg1 Nd5
28. Rac1 Nxf4 29. Rxc2 Rxc2 30. Kg3 Ne2+ 0-1

[Event "Chigorin Memorial 2019"]
[Site "St Petersburg RUS"]
[Date "2019.10.10"]
[Round "6.120"]
[White "Postanogov, Dmitrii"]
[Black "Andreeva, Anastasiia"]
[Result "1-0"]
[WhiteElo "2019"]
[BlackElo "1691"]
[WhiteFideId "44120419"]
[BlackFideId "44131542"]
[EventDate "2019.10.05"]

1. e4 e6 2. d4 d5 3. Nd2 Nf6 4. e5 Nfd7 5. Bd3 c5 6. c3 Nc6 7. Ne2 cxd4 8. cxd4
Be7 9. O-O Nf8 10. f4 Qb6 11. Nf3 Ng6 12. a3 a5 13. Qc2 O-O 14. Be3 Kh8 15. g4
Rd8 16. Kh1 Bd7 17. Rg1 Rac8 18. Qd2 a4 19. f5 exf5 20. gxf5 Nh4 21. Nxh4 Bxh4
22. Bh6 g6 23. Qf4 Be7 24. f6 Bf8 25. Bxf8 Rxf8 26. Qh6 Rg8 27. Rg5 1-0

[Event "Chigorin Memorial 2019"]
[Site "St Petersburg RUS"]
[Date "2019.10.10"]
[Round "6.121"]
[White "Vorobieva, Varvara"]
[Black "Avazov, Semen"]
[Result "1/2-1/2"]
[WhiteElo "2015"]
[BlackElo "1639"]
[WhiteFideId "44126590"]
[BlackFideId "54114390"]
[EventDate "2019.10.05"]

1. e4 e5 2. Nf3 Nc6 3. Nc3 Nf6 4. d4 exd4 5. Nxd4 Bb4 6. Nxc6 bxc6 7. Bd3 d5 8.
exd5 cxd5 9. O-O O-O 10. Bg5 c6 11. Qf3 Be7 12. h3 h6 13. Bf4 Bd6 14. Rad1 Rb8
15. b3 Bxf4 16. Qxf4 Be6 17. Na4 Qe7 18. Rfe1 Qb4 19. Qxb4 Rxb4 20. Nc5 Re8 21.
Nxe6 Rxe6 22. Bf5 Rxe1+ 23. Rxe1 Kf8 24. c3 Rb7 25. Kf1 Re7 26. Rd1 Re5 27. Bc2
Ne4 28. Bxe4 Rxe4 1/2-1/2

[Event "Chigorin Memorial 2019"]
[Site "St Petersburg RUS"]
[Date "2019.10.10"]
[Round "6.122"]
[White "Snegovsky-Orlov, Alexandr"]
[Black "Saveljev, Ivan"]
[Result "0-1"]
[WhiteElo "1731"]
[BlackElo "2010"]
[WhiteFideId "4131487"]
[BlackFideId "54158257"]
[EventDate "2019.10.05"]

1. e4 c5 2. Nc3 Nc6 3. f4 e6 4. Nf3 d5 5. Bb5 d4 6. Ne2 Bd7 7. Bxc6 Bxc6 8. d3
g6 9. O-O Bg7 10. Ne5 Bb5 11. a4 Ba6 12. b3 Ne7 13. Nc4 f5 14. e5 Nc8 15. Qe1 b6
16. Qg3 Bb7 17. h4 Bf8 18. Bd2 Be7 19. Be1 Rg8 20. Qh3 h6 21. a5 b5 22. a6 Bd5
23. Na5 Qb6 24. Nb7 Bxb7 25. axb7 Qxb7 26. c3 dxc3 27. Bxc3 Qd5 28. d4 Qxb3 29.
Rfb1 Qc4 30. Qf3 Rb8 31. Qc6+ Kf7 32. Qc7 Nb6 33. Rxa7 Nd5 0-1

[Event "Chigorin Memorial 2019"]
[Site "St Petersburg RUS"]
[Date "2019.10.10"]
[Round "6.123"]
[White "Chagina, Ulyana"]
[Black "Aga, Rihard"]
[Result "0-1"]
[WhiteElo "1605"]
[BlackElo "1960"]
[WhiteFideId "44158785"]
[BlackFideId "4505603"]
[EventDate "2019.10.05"]

1. d4 Nf6 2. Nf3 g6 3. Nc3 d5 4. Bf4 Bg7 5. Nb5 Na6 6. e3 Nh5 7. Be5 f6 8. Bg3
c6 9. Nc3 Nxg3 10. hxg3 e5 11. Bxa6 bxa6 12. Na4 Bg4 13. Qd2 Bxf3 14. gxf3 O-O
15. Nc5 Re8 16. Kf1 Bf8 17. Kg2 Bxc5 18. dxc5 Qe7 19. Qc3 Reb8 20. a4 Rd8 21.
Rh4 Kg7 22. Rah1 Rh8 23. Rh6 Rab8 24. b3 Qe6 25. Qa5 Qc8 26. g4 Qb7 27. f4 exf4
28. exf4 Qe7 29. g5 d4 30. Re1 Qd7 31. Kg3 fxg5 32. fxg5 Rbe8 33. f4 Rxe1 34.
Qxe1 Re8 35. Qd2 Qd5 36. b4 Re3+ 37. Kh2 Qe4 38. Kg1 Re2 0-1